| 000 | 01561cam a2200337Ii 4500 | ||
|---|---|---|---|
| 999 |
_c10274 _d10274 |
||
| 001 | 946010853 | ||
| 003 | OCoLC | ||
| 005 | 20241126110728.0 | ||
| 008 | 160401s2016 enka b 001 0 eng d | ||
| 010 | _a2016947627 | ||
| 020 | _a9780198753711 | ||
| 020 | _a0198753713 | ||
| 035 | _a(OCoLC)946010853 | ||
| 040 |
_aERASA _beng _erda _cERASA _dYDXCP _dOCLCO _dBTCTA _dYDX _dOCLCO _dOCLCF _dNLTRS _dTEF _dKTS _dNHA _dIMD _dLNT |
||
| 082 |
_a284.2 _bBAL |
||
| 100 | 1 |
_aBalserak, Jon, _eauthor _917858 |
|
| 245 | 1 | 0 |
_aCalvinism : _ba very short introduction / _cJon Balserak |
| 250 | _aFirst edition | ||
| 264 | 1 |
_aOxford, United Kingdom : _bOxford University Press, _c2016 |
|
| 300 |
_axviii, 140 pages : _billustrations ; _c18 cm |
||
| 336 |
_atext _btxt _2rdacontent |
||
| 337 |
_aunmediated _bn _2rdamedia |
||
| 338 |
_avolume _bnc _2rdacarrier |
||
| 490 | 0 |
_aVery short introductions ; _v499 |
|
| 504 | _aIncludes bibliographical references (pages 127-132) and index | ||
| 505 | 0 | _aCalvinism: what's in a name? -- Conversion -- Culture -- Church -- Knowledge -- Covenant -- Humanity and new humanity -- God and hell | |
| 520 | 8 | _aCalvinism, based on the ideas of John Calvin, is a massive religion today, with widespread church affiliations. It has influenced contemporary thought - especially western thought - on everything from civil government to money, and divorce. Jon Balserak explores the history of the religion and discusses the key ideas in Calvinist theory | |
| 600 | 1 | 0 |
_aCalvin, Jean, _d1509-1564 _9568 |
| 650 | 0 |
_aCalvinism _93170 |
|
| 942 |
_2ddc _cBK |
||